| 000 | 00941nam a2200253 i 4500 | ||
|---|---|---|---|
| 001 | bg | ||
| 100 | 1 | _aGLINICKI, Michał Antoni | |
| 245 | 1 | 0 |
_aMechanizmy kruchości i trwałość kompozytów cementowych z włókanami szklanymi / _cMichał Antoni Glinicki. |
| 260 |
_aWarszawa : _bIPPT, _c1999. |
||
| 300 |
_a269 s. : _brys..wykr. ; _c21 cm + _eAlbum wybranych rysunków i mikrofotografii. |
||
| 490 | 1 |
_aPrace Instytutu Podstawowych Problemów Techniki PAN, _x0208-5658 ; _v11/1999 |
|
| 500 | _aPraca habilitacyjna. | ||
| 504 | _aBibliogr. przy rozdz. | ||
| 650 | 9 |
_aKompozyty _xbadanie |
|
| 650 | 9 |
_aCement _xbadanie |
|
| 650 | 9 |
_aWłókna szklane _xbadanie |
|
| 650 | 9 |
_aWytrzymałość materiałów _xbadanie _xmetody |
|
| 830 |
_aPrace Instytutu Podstawowych Problemów Techniki PAN, _x0208-5658 ; |
||
| 040 | _cBPK | ||
| 041 | 0 | _apl | |
| 080 | _a666.9:677.5:620.17 | ||
| 942 | _cKS | ||
| 008 | s pl f |000 0 pol | ||
| 999 |
_c36231 _d36231 |
||
| 856 |
_uhttp://koha.tu.koszalin.pl/cgi-bin/koha/opac-detail.pl?biblionumber=36231 _yKatalog online BPK |
||